|
|
|
|
| LEADER |
00747nam a2200205 a 4500 |
| 001 |
c000261873 |
| 003 |
CARM |
| 005 |
20070604104208.0 |
| 008 |
070604s1969 enk 000 1 eng d |
| 019 |
1 |
|
|a 50070942
|5 LACONCORD2021
|
| 020 |
|
|
|a 0552081965 (pbk.)
|
| 035 |
|
|
|a (OCoLC)52422
|5 LACONCORD2021
|
| 040 |
|
|
|a VCAV
|b eng
|c VCAV
|
| 100 |
1 |
|
|a Edson, J. T.
|q (John Thomas),
|d 1928-
|
| 245 |
1 |
4 |
|a The trouble busters /
|c J. T. Edson.
|
| 260 |
|
|
|a London :
|b Corgi ;
|b Transworld Publishers,
|c 1969.
|
| 300 |
|
|
|a 157 p.
|
| 852 |
8 |
|
|b CARM
|h A1:AO15A0
|i A04342
|p 0378700
|f BK
|
| 999 |
f |
f |
|i e8c419ac-4c4b-591d-9ac3-5d992bc1c7ef
|s 8c03de7d-1336-5d3c-904d-6796205f2d33
|
| 952 |
f |
f |
|p Can circulate
|a CAVAL
|b CAVAL
|c CAVAL
|d CARM 1 Store
|e A04342
|f A1:AO15A0
|h Other scheme
|i book
|m 0378700
|